000 00640nam a2200181 a 4500
008 080926s2007 ||||||||||||||||| || u
050 _aIBRD(08)PRWP
100 _aPinto, Brian
245 1 0 _aIndia rising: faster growth, lower indebtedness
260 _aWashington, D.C.
_bWorld Bank
_c2007
300 _a37p.
350 _a0.00
490 _aWorld Bank policy research working papers
700 _aPang, Gaobo
700 _aWes, Marina
710 _aWorld Bank
995 _D0.00
_FCBU-MAIN LIBRARY (Kitwe)
_H1
_I0.00
_M4241
_UAVAILABLE
_WSep 26, 2008
_ZInternational Publications
999 _c46636
_d46636